[Event "Kragero Resort International 2022"]
[Site "Kragero"]
[Date "2022.02.24"]
[Round "4.1"]
[White "Gumularz, Szymon"]
[Black "Romanov, Evgeny"]
[Result "1/2-1/2"]
[WhiteElo "2539"]
[BlackElo "2561"]
[Annotator "TA"]
[PlyCount "72"]
[EventDate "2022.02.23"]
[EventType "swiss"]
[EventCountry "NOR"]
[SourceTitle "playchess.com"]
[Source "ChessBase"]
[SourceQuality "1"]

{[%evp 11,72,16,14,9,12,5,0,0,24,20,20,7,22,19,81,74,71,39,45,49,62,49,79,24,0,-105,-94,-96,-102,-109,-91,-100,-65,-681,-43,-85,-88,-81,-83,-83,-91,-120,-103,-102,-119,-147,-139,-220,-130,-145,-78,-64,-74,-47,0,-141,-68,-56,-62,-74,0,0,1]} 1. Nf3 d5 2. d4 e6 3. c4 Bb4+ 4. Bd2 a5 5. e3 Nf6 6. Nc3 O-O 7. Bd3 {E11: Bogo-Indian.} b6 8. cxd5 exd5 9. Rc1 {[#]} c5 $146 ({Predecessor:} 9... Ba6 10. Bxa6 Rxa6 11. O-O c5 12. dxc5 bxc5 13. a3 Bxc3 14. Bxc3 Ne4 15. Qd3 Rd6 {½-½ (35) Cornette,M (2578)-Sarrau,J (2374) Struga 2021}) 10. dxc5 bxc5 11. a3 Bxc3 (11... Ba6 $5 {[%cal Ra6d3]}) 12. Bxc3 d4 (12... Nbd7 $11 {remains equal.}) 13. exd4 $16 {Strongly threatening 0-0.} Re8+ 14. Kf1 cxd4 15. Bxd4 Bb7 16. Bc4 {White is more active. This bishop pair is nice.} Nbd7 17. Ng5 (17. Qb3 $16 Ba6 18. Kg1 (18. Bxa6 Rxa6 19. g3 Qa8 $16) 18... Bxc4 19. Qxc4) 17... Ba6 $11 18. h4 (18. Qd3 $2 Ne5 19. Bxe5 Qxd3+ 20. Bxd3 Bxd3+ 21. Kg1 Rxe5 $19) (18. Bxa6 $11 {keeps the balance.} Rxa6 19. Qb3) 18... Bxc4+ $17 19. Rxc4 Ne5 20. Rc1 Qd5 $1 {And now ...Rad8 would win.} 21. Bxe5 Qxe5 22. Qb3 $2 {[%mdl 8192]} (22. b3 $15) 22... Re7 $2 ({Not} 22... h6 23. Qxf7+ (23. Nxf7 $2 Qe2+ 24. Kg1 Rab8 $19) 23... Kh8 24. g3 $14) (22... Rac8 $1 $19 {[%cal Rc8c1]} 23. g3 (23. Qxf7+ $2 Kh8 $19) 23... Rxc1+ 24. Kg2 Rc7) 23. Qf3 (23. Kg1 $15) 23... Rae8 $36 {[%cal Oe5e1][%mdl 2048] ( -> ...Qe1+!). Black is in control.} 24. g3 h6 25. Nh3 Qxb2 26. Rd1 Ne4 {Threatens to win with ...Nd2+.} 27. Kg2 Nd2 $1 28. Qd5 {[%csl LRa5,LRd2]} Re2 29. a4 (29. Rc1 $17 {was worth a try.}) 29... Ne4 (29... R8e5 $19 30. Qd7 Qc3) 30. Qd4 Qb7 (30... Qc2 $142 $1 31. Rhg1 g5 32. hxg5 hxg5) 31. Qd7 Qb8 32. Qd3 Qb2 ({Black should play} 32... Ra2 $15) 33. Qd4 {[#]} Nc3 (33... Qc2 $1 $17 {White must now prevent ...Re6.} 34. Rhg1 g5 35. hxg5 hxg5) 34. Rd3 $15 Qb7+ 35. Kh2 Re1 36. Rg1 $1 $11 ({Don't play} 36. Rxe1 Rxe1 37. f3 Re2+ 38. Nf2 {[#]} Nxa4 $1 $17) 36... Rxg1 {White happily takes the draw.  Weighted Error Value: White=0.38/Black=0.45} 1/2-1/2

[Event "Kragero Resort International 2022"]
[Site "Kragero"]
[Date "2022.02.24"]
[Round "4.1"]
[White "Omarsson, Adam"]
[Black "Engeset, Audun"]
[Result "0-1"]
[WhiteElo "1546"]
[BlackElo "1823"]
[Annotator "NA RC"]
[PlyCount "138"]
[EventDate "2022.02.23"]
[EventType "swiss"]
[EventCountry "NOR"]
[SourceTitle "playchess.com"]
[Source "ChessBase"]
[SourceQuality "1"]
[TimeControl "5400+30"]

1. d4 {[%emt 0:00:03]} Nf6 {[%emt 0:00:19]} 2. c4 {[%emt 0:00:20]} e6 {[%emt 0:00:22]} 3. Nc3 {[%emt 0:01:06]} Bb4 {[%emt 0:00:15]} 4. f3 {[%emt 0:01:08]} c5 {[%emt 0:00:43]} 5. d5 {[%emt 0:01:03]} d6 {[%emt 0:00:54]} 6. e4 {[%emt 0:03:01]} b5 {[%emt 0:01:02]} 7. Bd2 {[%emt 0:01:27]} Bxc3 {[%emt 0:00:41]} 8. Bxc3 {[%emt 0:00:17]} b4 {[%emt 0:00:17]} 9. Bd2 {[%emt 0:03:01]} O-O {[%emt 0:02:43]} 10. a3 {[%emt 0:02:57]} Qb6 {[%emt 0:13:39]} 11. axb4 {[%emt 0:02:14]} cxb4 {[%emt 0:00:29]} 12. Bd3 {[%emt 0:04:21]} Nbd7 {[%emt 0:04:14]} 13. Ne2 {[%emt 0:01:13]} Re8 {[%emt 0:05:49]} 14. Bc2 {[%emt 0:04:17]} exd5 {[%emt 0:02:20]} 15. cxd5 {[%emt 0:00:17]} Ba6 {[%emt 0:00:52]} 16. Ba4 {[%emt 0:02:39]} Ne5 {[%emt 0:04:58]} 17. Nc1 {[%emt 0:02:55]} Rec8 {[%emt 0:04:50]} 18. Bc6 {[%emt 0:05:11]} Nxc6 {[%emt 0:01:34]} 19. dxc6 {[%emt 0:00:08]} Rxc6 {[%emt 0:02:07]} 20. Qb3 {[%emt 0:02:32]} Rac8 {[%emt 0:01:37]} 21. Qe3 {[%emt 0:04:39]} Qb5 {[%emt 0:03:35]} 22. Nb3 {[%emt 0:01:25]} R6c7 {[%emt 0:16:26]} 23. Nd4 {[%emt 0:02:33]} Qd3 {[%emt 0:01:38]} 24. Qxd3 {[%emt 0:00:13]} Bxd3 {[%emt 0:00:08]} 25. Kf2 {[%emt 0:00:21]} d5 {[%emt 0:05:51]} 26. e5 {[%emt 0:02:29]} Nd7 {[%emt 0:00:50]} 27. Bxb4 {[%emt 0:01:48]} Rb7 {[%emt 0:02:21]} 28. Bd6 {[%emt 0:05:45]} Rxb2+ {[%emt 0:02:07]} 29. Ke3 {[%emt 0:00:11]} Bg6 {[%emt 0:00:48]} 30. Rhc1 {[%emt 0:01:54]} Re8 {[%emt 0:02:35]} 31. Nc6 {[%emt 0:01:27]} Rxg2 {[%emt 0:02:44]} 32. Rxa7 {[%emt 0:03:27]} Nb6 {[%emt 0:01:03]} 33. Kd4 {[%emt 0:02:00]} Rd2+ {[%emt 0:03:27]} 34. Kc5 {[%emt 0:02:09]} Nc4 {[%emt 0:01:20]} 35. Ne7+ {[%emt 0:01:09]} Kh8 {[%emt 0:00:15]} 36. Kc6 {[%emt 0:00:26]} Bh5 {[%emt 0:04:48]} 37. Rca1 {[%emt 0:02:20]} h6 {[%emt 0:03:11]} 38. f4 {[%emt 0:05:07]} Kh7 {[%emt 0:01:33]} 39. Kd7 {[%emt 0:01:54]} Rh8 {[%emt 0:00:18]} 40. R1a2 {[%emt 0:01:51]} d4 {[%emt 0:01:16]} 41. Rxd2 {[%emt 0:00:50]} Nxd2 {[%emt 0:00:09]} 42. Nf5 {[%emt 0:00:46]} Bg4 {[%emt 0:00:55]} 43. Ke7 {[%emt 0:00:36]} Bxf5 {[%emt 0:00:21]} 44. Kxf7 {[%emt 0:00:25]} Bg6+ {[%emt 0:01:36]} 45. Ke6 {[%emt 0:00:15]} Re8+ {[%emt 0:01:25]} 46. Kd7 {[%emt 0:00:58]} Nf3 {[%emt 0:01:26]} 47. f5 {[%emt 0:01:16]} Nxe5+ {[%emt 0:00:18]} 48. Bxe5 {[%emt 0:00:35]} Rxe5 {[%emt 0:00:08]} 49. fxg6+ {[%emt 0:00:28]} Kxg6 {[%emt 0:00:08]} 50. Ra2 {[%emt 0:00:21]} Kf5 {[%emt 0:00:24]} 51. Kd6 {[%emt 0:00:20]} Rb5 {[%emt 0:00:23]} 52. Kc6 {[%emt 0:00:41]} Re5 {[%emt 0:00:27]} 53. Kd6 {[%emt 0:00:16]} Re3 {[%emt 0:00:25]} 54. Kd5 {[%emt 0:00:25]} d3 {[%emt 0:01:02]} 55. Kd4 {[%emt 0:00:52]} Rh3 {[%emt 0:01:02]} 56. Rf2+ {[%emt 0:00:31]} Ke6 {[%emt 0:00:47]} 57. Ke4 {[%emt 0:00:28]} g5 {[%emt 0:00:48]} 58. Ra2 {[%emt 0:00:26]} Kf7 {[%emt 0:00:39]} 59. Rb2 {[%emt 0:01:57]} Kg6 {[%emt 0:00:10]} 60. Rg2 {[%emt 0:00:40]} Kh5 {[%emt 0:00:25]} 61. Kf5 {[%emt 0:00:24]} Re3 {[%emt 0:00:39]} 62. Rd2 {[%emt 0:00:54]} Re2 {[%emt 0:01:04]} 63. Rxd3 {[%emt 0:00:13]} Rxh2 {[%emt 0:00:08]} 64. Ke4 {[%emt 0:00:39]} Rf2 {[%emt 0:00:11]} 65. Rd1 {[%emt 0:00:40]} g4 {[%emt 0:00:17]} 66. Ke3 {[%emt 0:00:40]} Rf5 {[%emt 0:00:27]} 67. Rg1 {[%emt 0:01:47]} Kg5 {[%emt 0:00:14]} 68. Rb1 {[%emt 0:00:44]} h5 {[%emt 0:00:18]} 69. Rb8 {[%emt 0:00:24]} g3 {[%emt 0:00:15]} 0-1

[Event "Kragero Resort International 2022"]
[Site "Kragero"]
[Date "2022.02.24"]
[Round "4.2"]
[White "Donchenko, Alexander"]
[Black "Seo, Jung Min"]
[Result "0-1"]
[WhiteElo "2636"]
[BlackElo "2466"]
[Annotator "TA"]
[PlyCount "76"]
[EventDate "2022.02.23"]
[EventType "swiss"]
[EventCountry "NOR"]
[SourceTitle "playchess.com"]
[Source "ChessBase"]
[SourceQuality "1"]

{[%evp 15,76,22,16,6,14,0,0,0,0,0,0,0,-6,-10,0,-75,-87,-79,-69,-77,-72,-113,-101,-120,-103,-97,-90,-106,-126,-220,-166,-187,-192,-189,-160,-494,-499,-494,-479,-544,-535,-656,-536,-721,-722,-698,-736,-754,-725,-881,-718,-729,-727,-744,-742,-713,-689,-1201,-1135,-1176,-905,-1457,-833]} 1. Nf3 Nf6 2. c4 e6 3. g3 d5 4. Bg2 Be7 5. d4 O-O 6. O-O dxc4 7. Qc2 a6 8. a4 Bd7 9. Rd1 {E05: Open Catalan: 5 Nf3 Be7.} Bc6 10. Bg5 {is currently scoring better than 10.Nc3.} b5 11. Bxf6 {The position is equal.} Bxf6 ({Don't do} 11... gxf6 12. d5 exd5 13. Nc3 $16) 12. Nc3 Qe8 13. h4 g6 14. e4 Nd7 {[%cal Bb8d7,Bd7b6,Bb6d5,Bd5b4][%mdl 32] [#]} 15. e5 $146 (15. d5 $11 exd5 16. exd5) ({Predecessor:} 15. d5 exd5 16. exd5 Bb7 17. axb5 axb5 18. Rxa8 Qxa8 19. Nxb5 Qa5 20. Nc3 Nb6 21. d6 cxd6 22. Rxd6 Bxc3 23. Qxc3 Qxc3 24. bxc3 {½-½ (30) Oparin,G (2654)-Deac,B (2639) Krasnaya Polyana 2021}) 15... Bg7 $17 {Black continues to play with concentration.} 16. h5 Nb6 17. a5 Nd5 18. Ne4 ({White should play} 18. Nxd5 exd5 19. Bh3) 18... Nb4 19. Qe2 {[%cal Oh5h6]} Bxe4 20. Qxe4 {[%cal Ob2b3]} Qe7 21. Qg4 Rad8 22. Ng5 (22. hxg6 $17 fxg6 23. Rab1) 22... gxh5 23. Qxh5 {[%csl Gg5][%cal Rh5h7] [#]} h6 24. Ne4 Nd3 25. g4 $2 (25. Rd2 $17 {is a better chance.}) 25... Rxd4 $19 {Black is clearly winning.} 26. g5 hxg5 27. Nxg5 {[%csl Gg5][%cal Rh5h7] [#]} Rfd8 28. Qh7+ Kf8 29. Ne4 Nxe5 30. Rxd4 Rxd4 31. Qh5 Nd3 {And now ...f5 would win.} 32. Qf3 Rd8 33. Qg3 Bd4 {White must now prevent ...f5.} 34. Rf1 f5 35. Ng5 Bf6 36. f4 Bxg5 37. fxg5 Kg7 {Hoping for ...Qc5+.} 38. Bf3 Qd6 {Weighted Error Value: White=0.45/Black=0.11 (very precise)} 0-1

[Event "Kragero Resort International 2022"]
[Site "Kragero"]
[Date "2022.02.24"]
[Round "4.2"]
[White "Haug, Havard"]
[Black "Jonsson, Kristjan Dagur"]
[Result "1-0"]
[WhiteElo "1801"]
[BlackElo "1797"]
[Annotator "NA RC"]
[PlyCount "115"]
[EventDate "2022.02.23"]
[EventType "swiss"]
[EventCountry "NOR"]
[SourceTitle "playchess.com"]
[Source "ChessBase"]
[SourceQuality "1"]
[TimeControl "5400+30"]

1. e4 {[%emt 0:00:01]} c6 {[%emt 0:00:08]} 2. c4 {[%emt 0:00:23]} d5 {[%emt 0:00:34]} 3. cxd5 {[%emt 0:00:20]} cxd5 {[%emt 0:00:15]} 4. exd5 {[%emt 0:00:09]} Nf6 {[%emt 0:00:26]} 5. Nc3 {[%emt 0:00:24]} Nxd5 {[%emt 0:00:55]} 6. Bc4 {[%emt 0:00:38]} Nb6 {[%emt 0:04:32]} 7. Bb3 {[%emt 0:00:15]} Nc6 {[%emt 0:01:04]} 8. Nf3 {[%emt 0:00:20]} Bf5 {[%emt 0:02:15]} 9. d4 {[%emt 0:01:32]} Nb4 {[%emt 0:06:20]} 10. Ba4+ {[%emt 0:04:39]} Bd7 {[%emt 0:05:05]} 11. Bxd7+ {[%emt 0:00:11]} Nxd7 {[%emt 0:01:20]} 12. O-O {[%emt 0:00:34]} Nb6 {[%emt 0:03:25]} 13. Ne5 {[%emt 0:02:35]} e6 {[%emt 0:01:33]} 14. Qh5 {[%emt 0:05:24]} g6 {[%emt 0:14:22]} 15. Qf3 {[%emt 0:00:16]} f5 {[%emt 0:02:02]} 16. Qxb7 {[%emt 0:00:55]} Qe7 {[%emt 0:01:56]} 17. Qf3 {[%emt 0:04:11]} Bg7 {[%emt 0:02:32]} 18. Nc6 {[%emt 0:03:00]} Nxc6 {[%emt 0:01:10]} 19. Qxc6+ {[%emt 0:00:00]} Kf7 {[%emt 0:01:05]} 20. d5 {[%emt 0:00:00]} Rac8 {[%emt 0:08:12]} 21. dxe6+ {[%emt 0:02:15]} Qxe6 {[%emt 0:04:07]} 22. Qxe6+ {[%emt 0:01:42]} Kxe6 {[%emt 0:00:06]} 23. Re1+ {[%emt 0:00:48]} Kf7 {[%emt 0:00:12]} 24. Nb5 {[%emt 0:03:10]} Nc4 {[%emt 0:06:09]} 25. Bf4 {[%emt 0:13:26]} a6 {[%emt 0:07:04]} 26. Nd6+ {[%emt 0:07:07]} Nxd6 {[%emt 0:00:06]} 27. Bxd6 {[%emt 0:00:02]} Bxb2 {[%emt 0:03:31]} 28. Re7+ {[%emt 0:02:56]} Kf6 {[%emt 0:03:23]} 29. Rae1 {[%emt 0:01:52]} Rc1 {[%emt 0:00:54]} 30. Rxc1 {[%emt 0:00:16]} Bxc1 {[%emt 0:00:21]} 31. Ra7 {[%emt 0:00:41]} Re8 {[%emt 0:02:34]} 32. g3 {[%emt 0:00:43]} Re6 {[%emt 0:04:05]} 33. Rxa6 {[%emt 0:00:42]} f4 {[%emt 0:03:29]} 34. Kg2 {[%emt 0:01:23]} g5 {[%emt 0:01:52]} 35. Rb6 {[%emt 0:02:12]} g4 {[%emt 0:04:00]} 36. gxf4 {[%emt 0:01:08]} Bxf4 {[%emt 0:02:59]} 37. Bc5 {[%emt 0:00:48]} Rxb6 {[%emt 0:00:33]} 38. Bxb6 {[%emt 0:00:01]} Bd6 {[%emt 0:00:31]} 39. a4 {[%emt 0:00:12]} Ke6 {[%emt 0:00:38]} 40. a5 {[%emt 0:05:24]} Kd5 {[%emt 0:00:54]} 41. a6 {[%emt 0:00:56]} Kc6 {[%emt 0:00:07]} 42. Be3 {[%emt 0:00:31]} h5 {[%emt 0:00:40]} 43. h3 {[%emt 0:03:06]} Kc7 {[%emt 0:02:31]} 44. f3 {[%emt 0:02:25]} g3 {[%emt 0:01:07]} 45. h4 {[%emt 0:01:12]} Kb8 {[%emt 0:01:08]} 46. f4 {[%emt 0:00:19]} Be7 {[%emt 0:00:13]} 47. Kxg3 {[%emt 0:00:02]} Bf6 {[%emt 0:00:20]} 48. f5 {[%emt 0:00:00]} Ka8 {[%emt 0:00:12]} 49. Bg5 {[%emt 0:00:02]} Be5+ {[%emt 0:00:25]} 50. Kf3 {[%emt 0:00:05]} Ka7 {[%emt 0:00:32]} 51. Be7 {[%emt 0:00:07]} Kxa6 {[%emt 0:00:23]} 52. f6 {[%emt 0:00:08]} Kb7 {[%emt 0:00:24]} 53. f7 {[%emt 0:00:08]} Bg7 {[%emt 0:00:06]} 54. f8=Q {[%emt 0:00:07]} Bxf8 {[%emt 0:00:03]} 55. Bxf8 {[%emt 0:00:07]} Kc8 {[%emt 0:00:09]} 56. Kf4 {[%emt 0:00:03]} Kd7 {[%emt 0:00:10]} 57. Kg5 {[%emt 0:00:07]} Ke8 {[%emt 0:00:16]} 58. Ba3 {[%emt 0:00:06]} 1-0

[Event "Kragero Resort International 2022"]
[Site "Kragero"]
[Date "2022.02.24"]
[Round "4.3"]
[White "Sanal, Vahap"]
[Black "Vrolijk, Liam"]
[Result "1/2-1/2"]
[WhiteElo "2601"]
[BlackElo "2480"]
[Annotator "TA"]
[PlyCount "81"]
[EventDate "2022.02.23"]
[EventType "swiss"]
[EventCountry "NOR"]
[SourceTitle "playchess.com"]
[Source "ChessBase"]
[SourceQuality "1"]

{[%evp 16,81,2,0,7,0,17,6,18,0,0,0,8,0,0,-14,17,18,5,0,45,34,53,36,35,24,69,56,84,68,89,98,161,69,67,0,155,98,90,79,79,79,79,72,79,79,82,40,108,92,194,0,101,0,168,68,206,-111,-111,-109,-111,-111,-111,-100,-100,-101,-91,-91]} 1. Nf3 d5 2. b3 Bf5 3. Bb2 e6 4. g3 h6 5. Bg2 Nf6 6. O-O Be7 7. d3 O-O 8. Nbd2 a5 9. a4 c6 {A07: Réti Opening: New York and Capablanca Systems.} 10. Re1 Bh7 11. e4 Na6 {The position is equal.} 12. Qe2 Re8 13. Rad1 {[#]} Nd7 $146 ({Predecessor:} 13... Nb4 14. e5 Nd7 15. Nf1 Qb6 16. h4 Bf8 17. g4 c5 18. h5 Be7 19. Ng3 d4 {1-0 (35) Lewicki,M (2351)-Johannesson,I (2346) Chess.com INT 2019}) 14. h4 Qc7 15. Nf1 Nac5 16. exd5 exd5 17. Nd4 Kf8 (17... Qb6 $11) 18. Qd2 $14 Bf6 19. Bc3 b6 20. Nh2 Rxe1+ (20... Rad8 $11) 21. Rxe1 Re8 22. Rxe8+ $1 Kxe8 23. Ng4 Be7 {[#]} (23... Bxd4 $16 24. Bxd4 Kf8) 24. Ne3 ({White should try} 24. Nxh6 $1 $18 {[%mdl 512] Nhf5 is the strong threat.} gxh6 25. Qxh6) 24... Bf6 25. Ng4 (25. Bh3 $14) 25... Be7 $1 $16 {[#]} 26. Nf3 (26. Nxh6 $142 $1 {[%mdl 512]} gxh6 27. Qxh6) 26... h5 27. Nge5 f6 28. Nxd7 Qxd7 29. Nd4 Bg8 30. Kh2 Be6 31. Qd1 (31. Nxe6 $16 Qxe6 32. Bh3) 31... g6 (31... Bg4 $14 32. f3 Be6) 32. Qd2 {Hoping for Qh6.} Kf7 (32... Bf7 $16 {was necessary.}) 33. Nf3 $2 (33. Qh6 $18) 33... Bf5 {[#]} (33... Bg4 $1 $11 {keeps the balance.}) 34. Nd4 (34. Qh6 $1 $16) 34... Bg4 $2 (34... Be6 $11 {and Black has nothing to worry.}) 35. Qe3 (35. f3 $18 Bf5 36. Qe3) 35... Bd6 (35... Bf8 $14) 36. Nxc6 $2 Qxc6 $17 {Black is better.} 37. Qd4 {[%csl LRd5,LRf6] [#]} Ne4 $1 {[%mdl 512]} 38. Bxe4 ({Not} 38. dxe4 $2 Be5 39. exd5 Bxd4 $19) 38... dxe4 39. Qxf6+ Ke8 {Threatens to win with ...Kd7.} 40. dxe4 {[%cal Oe4e5]} Kd7 41. f3 {Weighted Error Value: White=0.45/Black=0.29 (precise)} 1/2-1/2

[Event "Kragero Resort International 2022"]
[Site "Kragero"]
[Date "2022.02.24"]
[Round "4.3"]
[White "Strand, Amund Pihl"]
[Black "Dahli, Vincent"]
[Result "1-0"]
[WhiteElo "1748"]
[BlackElo "1714"]
[Annotator "NA RC"]
[PlyCount "65"]
[EventDate "2022.02.23"]
[EventType "swiss"]
[EventCountry "NOR"]
[SourceTitle "playchess.com"]
[Source "ChessBase"]
[SourceQuality "1"]
[TimeControl "5400+30"]

1. c4 {[%emt 0:00:02]} c6 {[%emt 0:00:24]} 2. g3 {[%emt 0:00:24]} d5 {[%emt 0:00:16]} 3. Bg2 {[%emt 0:00:08]} dxc4 {[%emt 0:00:32]} 4. Nf3 {[%emt 0:00:11]} Nf6 {[%emt 0:00:24]} 5. O-O {[%emt 0:00:32]} Nbd7 {[%emt 0:01:37]} 6. Na3 {[%emt 0:01:38]} e5 {[%emt 0:07:35]} 7. Nxc4 {[%emt 0:02:17]} Qc7 {[%emt 0:02:11]} 8. d4 {[%emt 0:01:44]} exd4 {[%emt 0:02:29]} 9. Bf4 {[%emt 0:02:18]} Qd8 {[%emt 0:01:54]} 10. Qxd4 {[%emt 0:11:06]} Bc5 {[%emt 0:07:31]} 11. Nd6+ {[%emt 0:02:18]} Bxd6 {[%emt 0:11:38]} 12. Bxd6 {[%emt 0:00:11]} Nb6 {[%emt 0:01:27]} 13. Ne5 {[%emt 0:13:32]} Nbd5 {[%emt 0:06:24]} 14. Ba3 {[%emt 0:04:17]} Be6 {[%emt 0:06:30]} 15. Rfd1 {[%emt 0:03:13]} Qc7 {[%emt 0:08:15]} 16. Nc4 {[%emt 0:05:29]} b6 {[%emt 0:06:29]} 17. Nd6+ {[%emt 0:08:34]} Kd7 {[%emt 0:07:10]} 18. e4 {[%emt 0:17:43]} c5 {[%emt 0:05:06]} 19. Qa4+ {[%emt 0:01:14]} Kxd6 {[%emt 0:02:47]} 20. exd5 {[%emt 0:02:13]} Nxd5 {[%emt 0:06:58]} 21. Rxd5+ {[%emt 0:05:53]} Bxd5 {[%emt 0:03:46]} 22. Rd1 {[%emt 0:00:08]} Rac8 {[%emt 0:03:28]} 23. Rxd5+ {[%emt 0:01:10]} Ke7 {[%emt 0:01:22]} 24. Qe4+ {[%emt 0:01:41]} Kf8 {[%emt 0:01:06]} 25. b4 {[%emt 0:03:13]} Re8 {[%emt 0:03:10]} 26. Qc4 {[%emt 0:01:39]} h6 {[%emt 0:02:29]} 27. bxc5 {[%emt 0:00:27]} Kg8 {[%emt 0:00:19]} 28. c6 {[%emt 0:00:53]} b5 {[%emt 0:00:41]} 29. Rxb5 {[%emt 0:01:12]} Qc8 {[%emt 0:00:25]} 30. Bd5 {[%emt 0:02:16]} Re1+ {[%emt 0:00:36]} 31. Kg2 {[%emt 0:00:07]} Qf5 {[%emt 0:00:27]} 32. Bxf7+ {[%emt 0:00:45]} Qxf7 {[%emt 0:00:20]} 33. Rb8+ {[%emt 0:00:08]} 1-0

[Event "Kragero Resort International 2022"]
[Site "Kragero"]
[Date "2022.02.24"]
[Round "4.4"]
[White "Chatalbashev, Boris"]
[Black "Bogner, Sebastian"]
[Result "1-0"]
[WhiteElo "2515"]
[BlackElo "2573"]
[Annotator "TA"]
[PlyCount "87"]
[EventDate "2022.02.23"]
[EventType "swiss"]
[EventCountry "NOR"]
[SourceTitle "playchess.com"]
[Source "ChessBase"]
[SourceQuality "1"]

{[%evp 17,87,10,8,0,27,35,29,29,40,41,45,54,70,59,53,56,58,29,62,69,57,26,102,100,93,91,96,98,90,75,104,75,97,98,91,93,82,68,72,74,104,66,81,68,75,85,70,31,41,20,19,0,0,0,108,113,83,0,57,52,66,58,66,56,100,121,105,95,88,82,1587,945]} 1. d4 Nf6 2. c4 e6 3. Nc3 Bb4 4. Nf3 b6 5. e3 Ne4 6. Qc2 Bb7 7. Bd3 Bxc3+ 8. bxc3 f5 9. O-O O-O 10. c5 {E43: Nimzo-Indian: Rubinstein: 4...b6.} d6 11. cxd6 cxd6 12. Nd2 {[%cal Rd2e4] [#] White has an edge.} Nxd2 $146 ({Predecessor:} 12... Qh4 13. f3 Ng5 14. Ba3 Rd8 15. e4 f4 16. Nc4 Nf7 17. e5 dxe5 18. dxe5 Nc6 {½-½ (50) Pacher,M (2437)-Vlasak,L (2274) Pardubice 2012}) 13. Bxd2 {[%cal Bc1d2,Bd2e1,Be1g3][%mdl 32]} Qh4 {[%cal Ob7g2]} 14. f3 Nd7 15. Be1 Qe7 16. a4 a5 17. Rb1 Rac8 18. Bg3 Bd5 19. e4 (19. Ba6 $5 {[%cal Re3e4]}) 19... Bc4 (19... fxe4 $1 $11 {remains equal.} 20. fxe4 Rxf1+ 21. Rxf1 Bc4) 20. exf5 $16 {And now Bxc4 would win.} Bxd3 21. Qxd3 Rxf5 22. Rfe1 {[%cal Od3f5]} Rff8 23. c4 Rfe8 24. Rb5 e5 25. dxe5 dxe5 26. Rd5 Nc5 27. Qd1 {[%cal Re1e5]} e4 28. fxe4 Ne6 29. Bd6 Qf6 30. Qb3 $1 {Prevents Qc3.} Rc6 31. c5 bxc5 32. Qb7 (32. Be5 $5 {[%cal Re5f6]} Qg6 33. Qc4 $14) 32... Rcc8 33. Rf1 (33. Be5 $5 {[%cal Re5f6]} Qg6 34. Re3 $16) 33... Qg6 34. Rdf5 h6 35. Be5 Nd4 {[#] To avoid R1f3} (35... Rcd8 $11 {keeps the balance.}) 36. Rf7 $1 $36 {[%cal Rf7g7][%mdl 2048] White is in control. Dancing on a razor blade.} Ne6 37. Rd7 {White is much more active.} ({White should try} 37. h3 $16) 37... Rf8 {Inhibits Rf3.} (37... Rcd8 $1 $11) 38. Rf5 {Strongly threatening h4.} Rcd8 39. Rxf8+ $1 Rxf8 40. Qd5 {Hoping for Rxg7+.} Kh8 {[#]} (40... Rf7 $1 $14) 41. h3 $1 Re8 42. Kh2 Qg5 43. Ra7 Nf4 $2 {[%mdl 8192] [#]} (43... Kh7 $16) 44. Rxg7 $1 {[%mdl 512] Weighted Error Value: White=0.09 (flawless) /Black=0.20 (precise)} 1-0

[Event "Kragero Resort International 2022"]
[Site "Kragero"]
[Date "2022.02.24"]
[Round "4.4"]
[White "Thorisson, Benedikt"]
[Black "Johannessen, Martin T."]
[Result "1/2-1/2"]
[WhiteElo "1790"]
[BlackElo "1629"]
[Annotator "NA RC"]
[PlyCount "85"]
[EventDate "2022.02.23"]
[EventType "swiss"]
[EventCountry "NOR"]
[SourceTitle "playchess.com"]
[Source "ChessBase"]
[SourceQuality "1"]
[TimeControl "5400+30"]

1. e4 {[%emt 0:00:03]} c5 {[%emt 0:00:04]} 2. Nf3 {[%emt 0:00:11]} d6 {[%emt 0:00:08]} 3. d4 {[%emt 0:00:17]} cxd4 {[%emt 0:00:08]} 4. Nxd4 {[%emt 0:00:05]} Nf6 {[%emt 0:00:06]} 5. Nc3 {[%emt 0:00:11]} g6 {[%emt 0:00:20]} 6. Be3 {[%emt 0:01:05]} Bg7 {[%emt 0:00:10]} 7. f3 {[%emt 0:00:28]} O-O {[%emt 0:00:09]} 8. Qd2 {[%emt 0:01:10]} Nc6 {[%emt 0:00:43]} 9. g4 {[%emt 0:00:31]} Nxd4 {[%emt 0:00:33]} 10. Bxd4 {[%emt 0:00:14]} Be6 {[%emt 0:00:26]} 11. h4 {[%emt 0:01:19]} Rc8 {[%emt 0:00:46]} 12. h5 {[%emt 0:02:27]} Qa5 {[%emt 0:21:53]} 13. Bh3 {[%emt 0:16:42]} g5 {[%emt 0:04:53]} 14. e5 {[%emt 0:01:07]} Nd5 {[%emt 0:08:24]} 15. Qxg5 {[%emt 0:19:54]} h6 {[%emt 0:05:15]} 16. Qd2 {[%emt 0:00:45]} dxe5 {[%emt 0:01:20]} 17. Nxd5 {[%emt 0:00:58]} Qxd2+ {[%emt 0:00:22]} 18. Kxd2 {[%emt 0:00:07]} Bxd5 {[%emt 0:00:28]} 19. Bxa7 {[%emt 0:00:39]} Bxf3 {[%emt 0:00:27]} 20. Rhg1 {[%emt 0:00:40]} Rfd8+ {[%emt 0:08:45]} 21. Ke3 {[%emt 0:00:46]} e4 {[%emt 0:01:21]} 22. g5 {[%emt 0:07:37]} Rc6 {[%emt 0:07:52]} 23. gxh6 {[%emt 0:01:37]} Rxh6 {[%emt 0:00:10]} 24. Rg3 {[%emt 0:01:15]} Bxh5 {[%emt 0:06:15]} 25. Rag1 {[%emt 0:00:36]} Bg6 {[%emt 0:08:19]} 26. Bf5 {[%emt 0:01:43]} Rd6 {[%emt 0:10:04]} 27. Bc5 {[%emt 0:02:39]} Rd5 {[%emt 0:00:36]} 28. Bxg6 {[%emt 0:00:34]} Rxg6 {[%emt 0:04:26]} 29. Bxe7 {[%emt 0:01:44]} Bxb2 {[%emt 0:02:41]} 30. Rxg6+ {[%emt 0:05:04]} fxg6 {[%emt 0:00:07]} 31. Rxg6+ {[%emt 0:00:24]} Kf7 {[%emt 0:00:39]} 32. Rd6 {[%emt 0:00:30]} Ra5 {[%emt 0:05:25]} 33. Rb6 {[%emt 0:03:03]} Bc1+ {[%emt 0:00:11]} 34. Kxe4 {[%emt 0:00:50]} Kxe7 {[%emt 0:00:14]} 35. Rxb7+ {[%emt 0:00:09]} Kd6 {[%emt 0:00:48]} 36. c4 {[%emt 0:01:15]} Rxa2 {[%emt 0:00:44]} 37. Kd4 {[%emt 0:00:43]} Bb2+ {[%emt 0:00:55]} 38. Kd3 {[%emt 0:00:30]} Kc6 {[%emt 0:00:18]} 39. Rb8 {[%emt 0:01:37]} Be5 {[%emt 0:00:39]} 40. Rb3 {[%emt 0:00:54]} Rh2 {[%emt 0:00:39]} 41. Ke4 {[%emt 0:00:49]} Bf6 {[%emt 0:01:02]} 42. Rf3 {[%emt 0:01:08]} Rh4+ {[%emt 0:00:13]} 43. Rf4 {[%emt 0:00:47]} 1/2-1/2